Cultura General Fácil #2 - Estadísticas

Estadísticas generales
  • Esta prueba ha sido intentada 8.405 veces
  • La puntuación promedio es 13 de 20
Estadísticas de respuestas
Pregunta Respuesta % Correcto
¿Cuál es la capital de Alemania? Berlín
98%
¿Cuál es la palabra en inglés para "Hola"? Hello
95%
¿Qué serie de películas trata sobre un parque temático donde los dinosaurios cobran vida? Jurassic Park
93%
¿Qué famoso general tenía el apellido Bonaparte? Napoleón
93%
¿Cuál es el río más largo de América del Sur? Amazonas
91%
¿Qué tres países forman la región de Escandinavia? Noruega
86%
¿Cuál es la estructura más alta hecha por el hombre en París? Torre Eiffel
86%
¿Qué tres países forman la región de Escandinavia? Suecia
85%
¿Con quién se casó Angelina Jolie en 2014 (y se divorció en 2019)? Brad Pitt
78%
¿Qué tres países forman la región de Escandinavia? Dinamarca
78%
¿Quién escribió la serie de libros de Harry Potter? J. K. Rowling
72%
¿Cuál es la ciudad más grande de China que comienza con la letra S? Shanghái
71%
¿Cuál es el estado más grande de EE. UU. por área terrestre? Alaska
64%
¿A los ciudadanos de qué país se les suele llamar "kiwis"? Nueva Zelanda
61%
¿Quién era el dios romano de la guerra? Marte
45%
¿Quién grabó las canciones "Tiny Dancer", "Crocodile Rock" y "Rocket Man"? Elton John
42%
¿Qué exlíder iraquí fue ejecutado en 2006? Saddam Hussein
35%
¿Cuál es la palabra más común en el idioma inglés? The
29%
¿Qué lugar en los Estados Unidos se conoce como Motor City? Detroit
26%
¿Quién conquistó Inglaterra en el año 1066? Guillermo I
9%
No se encontraron pruebas coincidentes
Distribución de puntuación
Porcentaje de gente con cada puntuación
Porcentaje por número respondido
Historial de tus puntuaciones
No has intentado esta prueba.